Peterson's Toefl success 2005
Đã lưu trong:
| Príomhúdar: | |
|---|---|
| Formáid: | Leabhar |
| Teanga: | English |
| Foilsithe: |
USA
Thomson Peterson's
2005
|
| Ábhair: | |
| Clibeanna: |
Cuir Clib Leis
Gan Chlibeanna, Bí ar an gcéad duine leis an taifead seo a chlibeáil!
|
| Thư viện lưu trữ: | Trung tâm Học liệu Lê Vũ Hùng, Trường Đại học Đồng Tháp |
|---|
| LEADER | 00615aam a22002058a 4500 | ||
|---|---|---|---|
| 001 | 00039783 | ||
| 005 | 20171030151054.0 | ||
| 008 | 170520s2005 ||||||engsd | ||
| 041 | 0 | # | |a eng |
| 082 | 1 | 4 | |a 428 |b P207T |
| 100 | 1 | # | |a Rogers, Bruce |
| 245 | 1 | 0 | |a Peterson's Toefl success 2005 |c Bruce Rogers |
| 260 | # | # | |a USA |c 2005 |b Thomson Peterson's |
| 300 | # | # | |a 367 tr. |c 29 cm. |
| 653 | # | # | |a Peterson's |
| 653 | # | # | |a Toefl success 2005 |
| 852 | # | # | |b Kho đọc |j KD.1001810 |
| 852 | # | # | |j KD.0021871 |j KM.0022619 |
| 910 | |d 20/05/2017 | ||
| 980 | # | # | |a Trung tâm Học liệu Lê Vũ Hùng, Trường Đại học Đồng Tháp |